000 01133nam a22003617a 4500
003 CHAP
005 20220817044255.0
008 090612s2007 it rn 00010 spa d
010 _a96364
011 _a97336
020 _a9789251058701
035 _a108001
040 _cCHAP
082 0 4 _a333.717026
_bF27y v.95
110 2 _aFAO
245 1 0 _aRecent trends in the law and policy of bioenergy production, promotion and use
_c/por Charlotta Jull ...[et al.]
260 _aRome :
_bFAO,
_c2007
300 _aviii, 66 p.
410 0 0 _aFAO
490 0 _aFAO. Estudio legislativo
_v; 95
590 _aBATCH-UPD
_b10
_c20130110
_lUCH01
_h1249
590 _aBATCH-UPD
_b10
_c20130410
_lUCH01
_h0812
590 _aBATCH-UPD
_b10
_c20130914
_lUCH01
_h0638
590 _aCONVERSION
_b10
_c20130109
_lUCH01
_h1353
650 1 4 _aBiomasa.
_912825
650 1 4 _aEnergía
_xBiomasa.
_936882
650 1 4 _aPolítica y gobierno.
_990717
810 0 _aFAO
830 0 0 _aFAO. Estudio legislativo
_v; 95
_939542
901 _aBK
942 _cLIBRO
949 _a333.717026 F27y v.95
_bBC
_cFAO
_d33724002087561
_eFAO1
_gDonaciØn
_h110613
_i108001
_sb
999 _c96364
_d96364